Statistics for Biggest World Cities within 200 Km (or 100), hints on dots

Click here to take the quiz!

General Stats

  • This quiz has been taken 1,929 times
  • The average score is 1782 of 2982

Answers on the Map

Answers color-coded by a green-red scale on the quiz's map according to % correct below.
 

Answer Stats

City% Correct
_a
92%
_abé
92%
_awk_
92%
_uah______
92%
_a'a_
91%
_an___
91%
_ew______
91%
_ot______
91%
_ou________
91%
_ran__
91%
_ru_____
91%
_ake__
90%
_almi___
90%
_ar_______
90%
_ar_
90%
_ar_____
90%
_ärn_
90%
_bar___
90%
_bi____
90%
{B}o{}
90%
_ent_____
90%
_ir_______
90%
_lo____
90%
{}M{a'an}
90%
_no______
90%
_o
90%
_pl__
90%
_ri____
90%
_tak____
90%
_uncan Tow_
90%
_zé______
90%
_ai________
89%
_aint ________
89%
_aint-______
89%
_al_____
89%
_an_______
89%
_an___
89%
_ar__
89%
_as_______
89%
_ass___
89%
_ax___
89%
_ay____
89%
_da__
89%
_dd
89%
_de_
89%
_hi_________
89%
_ic_____
89%
_ij__
89%
_ir_______
89%
_jm__
89%
_on__
89%
_os___
89%
_qab_
89%
_ssab
89%
_ur______
89%
_ures_____
89%
_yo_
89%
_zm__
89%
_ac____
88%
_ag___
88%
_agg_______
88%
_āj_____
88%
_al_____
88%
_al__
88%
_al________
88%
_am____
88%
_an_______
88%
_an____________
88%
_an____
88%
_an______
88%
_an________
88%
_ap_______
88%
_ar______
88%
_ate_____
88%
_av_____
88%
_avé
88%
_braham’s____
88%
_éc_
88%
_ei____
88%
_ew______
88%
_ex_____
88%
_hag_____
88%
_ic____
88%
_iha_
88%
_il___
88%
_in_
88%
_irki_____
88%
_it_______
88%
_ito__
88%
_ju______
88%
_le___
88%
{Lo}n{don}
88%
_nd_________
88%
_nk___
88%
_om_
88%
_on______
88%
_or____
88%
_orne_______
88%
_oz___
88%
_rā_
88%
_ra___
88%
_ra_
88%
_re_______
88%
_rn_
88%
_ro____
88%
_ry____
88%
_sk______
88%
_tu______
88%
_ub___
88%
_ul__
88%
_un___
88%
_ur__
88%
_ur___
88%
_us___
88%
{}W{a}
88%
_yd___
88%
_ab__
87%
_ag_____
87%
_ah___
87%
_ai_
87%
_ak________
87%
_al___
87%
_al____
87%
_am____
87%
_an_____
87%
_ān___
87%
_an_______
87%
_an B_____
87%
_aq__
87%
_ar____
87%
_arz__
87%
_as___
87%
_as______
87%
_át__
87%
_av___
87%
_br_
87%
_ca_____
87%
_eg________
87%
_en__
87%
_en___
87%
_eó_
87%
_er______
87%
_et____
87%
_ev____
87%
_ha______
87%
_he________
87%
_he_________
87%
_hr_______
87%
_hu___
87%
_ig_
87%
_il____
87%
_il_______
87%
_is___
87%
{Is}t{anbul}
87%
{New }Y{ork}
87%
_nt____
87%
_od______
87%
_of__
87%
_og____
87%
_ol____
87%
_om_
87%
_op_______
87%
_or______
87%
_or__
87%
_oš___
87%
_ou__
87%
_ou____
87%
_ou_____
87%
{Par}i{s}
87%
_ra____
87%
_ran__________
87%
_re___
87%
_rl____
87%
_ro___
87%
{Rom}e{}
87%
_sa____
87%
_uca__
87%
_ue______
87%
_uf____
87%
_ukb__
87%
_ur_______
87%
_uwai_
87%
_uzayr__
87%
_ya____
87%
_ad_____
86%
_aéd_
86%
_ala____
86%
_am__
86%
_am___
86%
_an__
86%
_an____
86%
_ant________________
86%
_ao____
86%
_ar_____
86%
_ar___
86%
_ar______
86%
_as______
86%
_as__
86%
_as___
86%
_asp__
86%
_at___
86%
{At}h{ens}
86%
_au_______
86%
_avi_
86%
{Ber}l{in}
86%
_da___
86%
{Dub}l{in}
86%
86%
_eh______
86%
_ek______
86%
_el_____
86%
_el____
86%
_el___________
86%
_en_______
86%
_eo________
86%
_er_____
86%
_eral____
86%
{G}l{asgow}
86%
_ha_____
86%
_hi_____
86%
_ia_____
86%
_ie___
86%
_ig_
86%
_īk____
86%
_il_____
86%
_il______
86%
_in________
86%
_ir___
86%
_kl__________
86%
_l ___
86%
_la____
86%
_la_____
86%
_lba__
86%
_le______
86%
_lo___
86%
_lu________
86%
{Mexic}o{ City}
86%
_ni____
86%
_ob___
86%
_ód_
86%
_od___
86%
_öfn
86%
_oh ____
86%
_ol_____
86%
_om__
86%
_or___
86%
_or_
86%
_öt_____
86%
_po_
86%
_ra___
86%
_ra_
86%
_rin____
86%
_ro______
86%
_r Ru____
86%
_sangel
86%
{S}y{dney}
86%
{Sydney}
86%
_ta______
86%
_torno___
86%
_tt___
86%
_ue___
86%
_ŭlo_
86%
_uop__
86%
_ur__
86%
_wa____
86%
_ye___
86%
_af___
85%
_ak___
85%
_ál___
85%
_al__
85%
_al_
85%
_ald_____
85%
_amb_______
85%
_an________
85%
_an____
85%
_an__
85%
_an_________
85%
_an_____
85%
_an___________
85%
_an___
85%
{An}k{ara}
85%
_ao____
85%
_ar___
85%
_ar_________
85%
_ar__________
85%
_ar_____
85%
_as__
85%
_asht
85%
_at____
85%
{At}l{anta}
85%
_au_____
85%
_ed_____
85%
_el_____
85%
_el___________
85%
_eorge_____
85%
_er___
85%
_es______
85%
_ez
85%
_gilsst____
85%
_ha________
85%
_ha_______
85%
_hm_________
85%
_hr_________
85%
_hv__
85%
_ibe___
85%
_in__________
85%
_it____
85%
_iw_
85%
_kure___
85%
_l ________
85%
_le_______
85%
_les___
85%
{Li}s{bon}
85%
{Lo}s{ Angeles}
85%
{Ma}d{rid}
85%
{M}i{ami}
85%
{Mi}l{an}
85%
{Mo}s{cow}
85%
_ockbu_______
85%
_oindi___
85%
_om
85%
_on_______
85%
_or______
85%
_os____
85%
_ot_______
85%
_ou_______
85%
_pr________
85%
_re____________
85%
_ri_____
85%
_rua
85%
_ry_______
85%
_safjör___
85%
_sy__
85%
_ua____
85%
_ub___
85%
_uc________
85%
_ue___
85%
_ué___
85%
_uer________________________
85%
_ui__
85%
_ulu__
85%
_un__
85%
_ura___
85%
_ux_
85%
_vi_
85%
_ac__
84%
_ac_________
84%
_ad____
84%
_ag___
84%
_ag_____
84%
_ai___
84%
_ais_
84%
_al_____
84%
{Al}g{iers}
84%
_am_____
84%
_am______
84%
_am___
84%
_am____
84%
_an____
84%
_an_____
84%
_an______
84%
_ana____
84%
_ar______
84%
_ara____
84%
_ara___
84%
_at_____
84%
_at___
84%
{A}u{ckland}
84%
{Bar}c{elona}
84%
{Barcelona}
84%
_be_______
84%
{Bo}g{otá}
84%
{Bu}d{apest}
84%
{Bu}e{nos Aires}
84%
_ca
84%
{Cair}o{}
84%
{Chi}c{ago}
84%
{Dal}l{as}
84%
_en____
84%
_eorg______
84%
_ers________
84%
_et_________
84%
_fa_
84%
_gr_
84%
_hi____
84%
_hi_________
84%
_hi_______
84%
_hok_______
84%
{Ho}u{ston}
84%
_hŭ____
84%
_illi________
84%
_in__
84%
_inton
84%
_io___________
84%
_ir___________
84%
_ir____________
84%
_kt__
84%
_loyd_______
84%
{Me}l{bourne}
84%
{Ne}w{ Delhi}
84%
_ni___
84%
_oc_______
84%
_oi______
84%
_ol____
84%
_on______
84%
_ont_______
84%
_onte___________
84%
_oq_____
84%
_oro_____
84%
{Os}l{o}
84%
{Per}t{h}
84%
{Re}y{kjavík}
84%
_ro______
84%
_rra______
84%
_rz____
84%
_sf____
84%
_uá____
84%
_uev________
84%
_ui___
84%
_un_
84%
_ur_____
84%
_ur__
84%
_ur
84%
_us_____
84%
_ut____
84%
_ux___
84%
_uy___
84%
_a _____
83%
_abaruma
83%
_acha______
83%
_ahdia
83%
_al-d___
83%
_alk______
83%
_am_______
83%
_am_____
83%
_an_______________________
83%
_an____
83%
{An}c{horage}
83%
_anto A______
83%
_ar_______
83%
_ar__
83%
_ary_
83%
_at_______
83%
_aw_______
83%
{Bri}s{bane}
83%
_bu______
83%
{Buc}h{arest}
83%
{Cape }T{own}
83%
_da____
83%
{Den}v{er}
83%
_éb____
83%
_edd___
83%
_ef__
83%
_eg____
83%
_elo
83%
_en____
83%
_es_____
83%
_ga___
83%
_ha___________
83%
{Ha}v{ana}
83%
_hyal__
83%
_ia____
83%
_ia______
83%
_ic____
83%
_ii____
83%
_in_______
83%
_ings____
83%
_ir______
83%
_ir___
83%
{Ja}k{arta}
83%
{Ki}e{v}
83%
{Li}m{a}
83%
{Mont}r{eal}
83%
{Mu}m{bai}
83%
{Nap}l{es}
83%
_oh_
83%
_oi____
83%
_ol______
83%
_on____
83%
_or___________
83%
_or_________
83%
_or_____
83%
_ort _______
83%
_os__
83%
_otid_
83%
{Port}o{}
83%
{Qu}i{to}
83%
_ran_______
83%
_ru___
83%
{Saint }P{etersburg}
83%
_twa__
83%
_ua_____
83%
_uc___
83%
_um___
83%
_und_____
83%
_ur_____
83%
_ürk_______
83%
_us___
83%
_yk_____
83%
_yl___
83%
_ab_____
82%
_ab__
82%
_ac_______
82%
_ae____
82%
_af___________
82%
_ah______
82%
_ai_____
82%
_ak______________
82%
_al________
82%
_al____
82%
_ala___
82%
_amir_
82%
_an_____________
82%
_an________
82%
_an___
82%
_an_____
82%
_an______
82%
_an ______
82%
_ão ____
82%
_ao______
82%
_ari___
82%
_ason________
82%
_aspán
82%
_az__
82%
{Bag}h{dad}
82%
{Bei}j{ing}
82%
{Bos}t{on}
82%
{Bra}s{ília}
82%
_cA____
82%
_dah_______
82%
{Da}k{ar}
82%
{Da}r{ es Salaam}
82%
_de___
82%
_dm_____
82%
_ed__
82%
_édou___
82%
_eje_
82%
_em____
82%
_en___
82%
_es_
82%
{George}t{own}
82%
{George Town}
82%
{Georgetown}
82%
{Ge}o{rge Town}
82%
{Gua}t{emala City}
82%
_he____
82%
{He}l{sinki}
82%
_hu________
82%
_ika__
82%
_ildu__
82%
_imó_
82%
_in______
82%
_in____
82%
_in___
82%
_io________
82%
_ir______
82%
_ir________
82%
_is____
82%
_iuna
82%
_ka____
82%
{Kingston}
82%
{Kin}g{ston}
82%
{Kingsto}w{n}
82%
_le___
82%
_lko
82%
_lota_
82%
_mr_____
82%
_nt______
82%
_oa______
82%
_ob___
82%
_oi_________
82%
_ok____
82%
_om____
82%
_onc______
82%
_or______
82%
_os
82%
_osw___
82%
_ou___
82%
{Pa}n{ama City}
82%
_po____
82%
_ra______
82%
_ran__________
82%
_re_____
82%
_ri________
82%
{Rio }d{e Janeiro}
82%
{Ri}y{adh}
82%
{San}a{'a}
82%
{Sant}i{ago}
82%
_shi____
82%
{St}o{ckholm}
82%
_tung______
82%
_ub__________
82%
_ukunonu
82%
_uw_____
82%
_wa____
82%
_yd______
82%
_ye__
82%
_yo______
82%
_a ___
81%
_aamiut
81%
_ad___
81%
{Ad}e{laide}
81%
_ah______
81%
_ain______
81%
_akxa_
81%
_al___
81%
_al_____
81%
_am ___
81%
_an____
81%
_an _____________
81%
{Anta}n{anarivo}
81%
_ar_____
81%
_ar___
81%
_araz___
81%
_at__
81%
_at________
81%
_aulaga
81%
_ba___
81%
{Ba}k{u}
81%
{Bang}k{ok}
81%
_bar___
81%
_bu__
81%
{Ca}r{acas}
81%
{Ca}s{ablanca}
81%
{Co}p{enhagen}
81%
{De}t{roit}
81%
{D}h{aka}
81%
_en____
81%
_es________
81%
_ev_______
81%
_ha____
81%
{Ham}b{urg}
81%
_hn_______
81%
_hon_____
81%
_ih__________
81%
_ij_______
81%
_ik___
81%
_in_
81%
_iş_____
81%
_it________
81%
_iu____________
81%
{Ka}r{achi}
81%
{Kin}s{hasa}
81%
{K}u{ala Lumpur}
81%
_l-_______
81%
_l _____
81%
_lo_________
81%
{L}y{on}
81%
_ma_____
81%
{Mani}l{a}
81%
_ock _______
81%
{O}d{essa}
81%
_ori
81%
_os____
81%
_os__
81%
_os___
81%
{Port-}a{u-Prince}
81%
_re_____
81%
_re__
81%
_root_______
81%
_rū_____
81%
{San F}r{ancisco}
81%
{S}e{attle}
81%
_tafu
81%
_tb___
81%
{Te}h{ran}
81%
{Tor}o{nto}
81%
{Tu}n{is}
81%
_ue____
81%
_ul_
81%
_uray___
81%
_us__
81%
_uz___
81%
{War}s{aw}
81%
{W}é{}
81%
_ae
80%
_akok__
80%
{Ale}x{andria}
80%
{Am}m{an}
80%
_an____
80%
_ao__
80%
_arqu____
80%
_as__
80%
{As}u{nción}
80%
_at_
80%
_atson ____
80%
_a`ū
80%
{Bel}g{rade}
80%
{Br}u{ssels}
80%
{Co}l{ombo}
80%
{Da}m{ascus}
80%
{D}u{bai}
80%
_eeld____
80%
_en_
80%
_ha____
80%
_ha_____
80%
_ib___________
80%
_ic____
80%
_ihifo
80%
_ino_
80%
_isimi__
80%
{Jo}h{annesburg}
80%
_ma__
80%
{Man}c{hester}
80%
{Min}n{eapolis}
80%
{Min}s{k}
80%
{Nu}u{k}
80%
_oc__
80%
_okh___
80%
_or
80%
_ra____
80%
_rka___
80%
{São }P{aulo}
80%
{To}k{yo}
80%
_uc__
80%
_ur____
80%
_yem
80%
_ys___
80%
_abas_
79%
{Abu}j{a}
79%
{Ad}d{is Ababa}
79%
_aifar_
79%
_am_________
79%
_amb__
79%
_an_____
79%
_anic___
79%
_ar______
79%
_ar_
79%
_ara
79%
_at__
79%
_bi____
79%
{Birmingham}
79%
{Bir}m{ingham}
79%
{Bo}r{}
79%
{Cal}g{ary}
79%
{Chen}n{ai}
79%
_’d________
79%
_die___
79%
{Ed}m{onton}
79%
_ele______
79%
_eli_______
79%
_gu___________
79%
_ha______
79%
{Han}o{i}
79%
_hanzi
79%
_hipi___
79%
_hire___
79%
_hite_____
79%
{H}o{ Chi Minh City}
79%
{Hon}o{lulu}
79%
_iapa__
79%
_ib__
79%
_igu___
79%
_ilo
79%
_ilufus__
79%
_in____
79%
_it____
79%
_iv________
79%
{}K{abul}
79%
{Kath}m{andu}
79%
{Khar}t{oum}
79%
{Ko}l{kata}
79%
{Ku}w{ait City}
79%
{La Paz}
79%
{La }P{az}
79%
_li___
79%
{L}u{anda}
79%
{Mu}s{cat}
79%
_nd___
79%
{New }O{rleans}
79%
_oã________
79%
_oi_______
79%
_on_____
79%
_ongo
79%
_ort_________
79%
{O}s{aka}
79%
_ov_________________
79%
{Ph}o{enix}
79%
{Port M}o{resby}
79%
{P}r{ague}
79%
_rand__
79%
_rde___
79%
_reen_____
79%
_ri_____
79%
{Ri}g{a}
79%
{San }J{osé}
79%
_sau
79%
{Se}o{ul}
79%
{Ta}s{hkent}
79%
_ulhud________
79%
_un____
79%
_uo____
79%
{Vie}n{na}
79%
_we__
79%
{We}l{lington}
79%
_ab_______________
78%
{Ac}c{ra}
78%
_ag_________
78%
_ago ____
78%
_ah___________
78%
_ai________
78%
_ai_______
78%
_am____
78%
_an______
78%
{Au}s{tin}
78%
_ay______
78%
{Ban}g{alore}
78%
{Bor}d{eaux}
78%
_ed___
78%
_er_
78%
_er____
78%
{Fran}k{furt}
78%
{Guan}g{zhou}
78%
_ho_____
78%
_ig___
78%
_it______
78%
_itka
78%
{La}g{os}
78%
{Las }V{egas}
78%
_lb________
78%
{Mal}é{}
78%
{Mu}n{ich}
78%
{Nai}r{obi}
78%
_ndur_____
78%
_oar_
78%
_ok___
78%
_on__________
78%
_or____
78%
{Or}l{ando}
78%
_ot_
78%
{Ro}t{terdam}
78%
_sh_____
78%
{Si}n{gapore}
78%
{Tri}p{oli}
78%
_úc___
78%
_ul___
78%
_ul_____
78%
{Van}c{ouver}
78%
_wa___
78%
{Wa}s{hington}
78%
_aho__
77%
_ai___
77%
_aint-G______
77%
_aj___
77%
_am___
77%
_an___
77%
_an_____
77%
_an__
77%
_anda_____
77%
_ao
77%
_ar___
77%
_arm______
77%
{As}t{ana}
77%
_ather___
77%
{Ba}m{ako}
77%
{Bel}o{ Horizonte}
77%
{Ch}r{istchurch}
77%
{Dar}w{in}
77%
{Di}l{i}
77%
_ej_
77%
_en_____
77%
_en__
77%
_erwic_
77%
_fa
77%
{G}u{adalajara}
77%
_he_____
77%
_hi___
77%
_hi_______
77%
_il_
77%
{Iz}m{ir}
77%
{Jac}k{son}
77%
_jo____
77%
{Ju}n{eau}
77%
{Kam}p{ala}
77%
{Kan}s{as City}
77%
_ks_
77%
{Lu}s{aka}
77%
_ly______
77%
{Mana}u{s}
77%
{Mar}s{eille}
77%
{Mo}g{adishu}
77%
{Monte}r{rey}
77%
_mpfo___
77%
_od____
77%
_or_______
77%
_or________
77%
_ospa___
77%
{P}h{iladelphia}
77%
_rvay____
77%
{Sal}t{ Lake City}
77%
{San }D{iego}
77%
{Santo }D{omingo}
77%
{Sha}n{ghai}
77%
{S}o{fia}
77%
_st______
77%
_tac_______
77%
{Tam}p{a}
77%
_uer__________
77%
_yu___
77%
_ac___
76%
_ai___
76%
_ai______
76%
_al__
76%
_al___
76%
_anta______
76%
_ao
76%
_ar____
76%
_as________
76%
_au_______
76%
_aut___
76%
_aw_______
76%
_az__
76%
{Cha}r{lotte}
76%
{Do}h{a}
76%
_ei________
76%
_er____
76%
{Ha}r{are}
76%
{Ho}b{art}
76%
_in____
76%
_in__
76%
{J}e{ddah}
76%
{La}h{ore}
76%
{Mana}g{ua}
76%
{Nas}s{au}
76%
{New}c{astle}
76%
{Newcastle}
76%
_ob___
76%
{Ok}l{ahoma City}
76%
_on____
76%
_os____
76%
{O}t{tawa}
76%
_ou___
76%
_ozo__
76%
{Pale}r{mo}
76%
{Port}l{and}
76%
{Port L}o{uis}
76%
{Saint }J{ohn}
76%
{Saint }L{ouis}
76%
{Saint-L}o{uis}
76%
_sanj_
76%
{Sev}i{lle}
76%
{Tai}p{ei}
76%
_uel___
76%
_uk____
76%
_umb__
76%
_uz___
76%
_zh____
76%
{Ab}i{djan}
75%
_aga________
75%
{A}h{medabad}
75%
_aint__________________
75%
_alv______
75%
_aren__
75%
_as____
75%
_asu___
75%
_ax___
75%
{C}l{eveland}
75%
{Co}n{akry}
75%
{Cor}k{}
75%
{D}j{ibouti}
75%
{Dur}b{an}
75%
{Ed}i{nburgh of the Seven Seas}
75%
_erb_____
75%
{Fr}e{etown}
75%
{Hal}i{fax}
75%
_har’__
75%
{H}y{derabad}
75%
{Hyderabad}
75%
_ind___
75%
_iy_______
75%
_iz___
75%
{Jackson}v{ille}
75%
{Ma}p{uto}
75%
{Med}e{llín}
75%
{Me}m{phis}
75%
{Nash}v{ille}
75%
_ngen___________
75%
_ob___________
75%
_om__
75%
_op__
75%
_or__
75%
_oua______
75%
_ouil_
75%
_ra_
75%
{San An}t{onio}
75%
{San }S{alvador}
75%
{Su}v{a}
75%
{Te}l{ Aviv-Jaffa}
75%
_ulara
75%
_ulia
75%
_uo_____
75%
_uyb_____
75%
{}Z{agreb}
75%
_ac___
74%
_ai_____
74%
{Alb}u{querque}
74%
{Al}i{ce Springs}
74%
{Al}m{aty}
74%
_an________________
74%
_an_____
74%
{Ap}i{a}
74%
_ar___
74%
_as____
74%
_as___
74%
{As}h{gabat}
74%
_aye___
74%
{Bang}u{i}
74%
{Bo}i{se}
74%
{Cal}i{}
74%
_ei___
74%
_ek____
74%
_et______
74%
_he________
74%
_ho______
74%
{Ho}n{g Kong}
74%
_ia_____
74%
{In}d{ianapolis}
74%
_ip___
74%
_ir__
74%
_irakir_
74%
_it_________________
74%
_iu__
74%
_la_____
74%
_nalakle__
74%
{N'}D{jamena}
74%
{N}i{amey}
74%
_olpa_____
74%
_or_____
74%
_ort__________
74%
{O}u{agadougou}
74%
{Pra}i{a}
74%
_ra______
74%
_re_____
74%
{R}e{cife}
74%
_rig___
74%
_sa______
74%
{Sa}p{poro}
74%
{T}b{ilisi}
74%
_uala
74%
_uj______
74%
{U}l{aanbaatar}
74%
_un__
74%
{V}i{ctoria}
74%
{Wi}n{dhoek}
74%
{W}u{han}
74%
{Yer}e{van}
74%
{Zu}r{ich}
74%
_a'__
73%
{Ab}u{ Dhabi}
73%
_akin
73%
_an An_____________
73%
{As}m{ara}
73%
_az_
73%
{Belé}m{}
73%
{Bi}s{hkek}
73%
{Br}i{dgetown}
73%
{Bu}s{an}
73%
_bu Si____
73%
{Can}c{ún}
73%
{Du}s{hanbe}
73%
_éc___
73%
_em_____
73%
{G}d{ańsk}
73%
_ha______
73%
_hi____
73%
_hu_________
73%
_in___
73%
_irun_
73%
_ita
73%
_izo
73%
{Ki}g{ali}
73%
_lias___
73%
{Lib}r{eville}
73%
{Mon}r{ovia}
73%
{Monte}v{ideo}
73%
{Noua}k{chott}
73%
_nys__
73%
_ooper ___
73%
_ort Sm___
73%
{Ph}n{om Penh}
73%
{San J}u{an}
73%
_strov___
73%
_sw__
73%
{Ti}r{ana}
73%
_ua______________
73%
_ud_______
73%
_ui____
73%
_uki
73%
_uusa__
73%
_zu__
73%
_ab___
72%
_ag______
72%
_an________
72%
_anrake
72%
_ar____
72%
_as___
72%
_avave
72%
{Ber}g{en}
72%
{Ca}i{rns}
72%
{Che}n{gdu}
72%
_eg___
72%
{Fort}a{leza}
72%
{Gua}y{aquil}
72%
_hi___
72%
_in___
72%
_iq____
72%
{Ju}b{a}
72%
{Kha}r{kiv}
72%
_la________
72%
{Li}l{ongwe}
72%
{L}j{ubljana}
72%
_ll______
72%
{Nizhn}y{ Novgorod}
72%
_örön
72%
_ov_________
72%
{Port }E{lizabeth}
72%
_rudhoe____
72%
{Sa}i{nt George's}
72%
{Saint George'}s{}
72%
{Saint-}G{eorges}
72%
{Sa}r{ajevo}
72%
{Su}r{}
72%
{The }R{uhr}
72%
{Tou}l{ouse}
72%
_ugan_____
72%
{Ürü}m{qi}
72%
{Val}e{ncia}
72%
{Valencia}
72%
{Xi'}a{n}
72%
_ab_____
71%
_aba_
71%
_abor
71%
{Al}e{ppo}
71%
_amdrik
71%
_angai
71%
_apitán________________
71%
_aq___
71%
_ar_________
71%
_arath__
71%
_arp__
71%
_av_____
71%
_ayan______
71%
{Bris}t{ol}
71%
{C}i{ncinnati}
71%
{Có}r{doba}
71%
_eiafu
71%
{Fa}i{rbanks}
71%
{Fe}z{}
71%
{Fu}n{afuti}
71%
{Gen}o{a}
71%
_hagda
71%
{Har}b{in}
71%
_ho___
71%
{Hon}i{ara}
71%
{Kan}o{}
71%
{Mör}ö{n}
71%
{Nan}t{es}
71%
{Ni}c{osia}
71%
{Nu}k{uʻalofa}
71%
_oboré
71%
{Ora}n{}
71%
_ort Yuk__
71%
_otje
71%
{Para}m{aribo}
71%
{Port }V{ila}
71%
{P}y{ongyang}
71%
{Sal}v{ador}
71%
{São }T{omé}
71%
{Stu}t{tgart}
71%
{Tur}i{n}
71%
_ux__
71%
{Vil}n{ius}
71%
{Ya}o{undé}
71%
{Br}e{st}
70%
_hi______
70%
_ism____
70%
{Lu}x{or}
70%
_lying F________
70%
{Med}i{na}
70%
{Novo}s{ibirsk}
70%
{O}m{aha}
70%
_or__________
70%
_pat___
70%
{Pi}t{tsburgh}
70%
{Q}u{ébec}
70%
_rea_______
70%
_rin_________
70%
{Ta}r{a}
70%
_ud__
70%
{Win}n{ipeg}
70%
{Yan}g{on}
70%
_a ____
69%
_ac____
69%
_ack__
69%
_an___
69%
_an I_________________
69%
_a Rong_
69%
_ayo
69%
{Chit}t{agong}
69%
{Chong}q{ing}
69%
{De}n{pasar}
69%
_eg___
69%
_el____
69%
_ha__
69%
{Hano}v{er}
69%
_ing____
69%
{Is}f{ahan}
69%
{Kat}o{wice}
69%
{Lo}m{é}
69%
{Luc}k{now}
69%
{L}v{iv}
69%
{Mála}g{a}
69%
{Mar}r{akesh}
69%
{Mil}w{aukee}
69%
{Mur}m{ansk}
69%
{Om}s{k}
69%
_oro__
69%
{P}o{dgorica}
69%
{Porto} {Alegre}
69%
{Pri}s{tina}
69%
{Pu}n{e}
69%
{Sa}c{ramento}
69%
{Sou}t{h Tarawa}
69%
{Sur}a{baya}
69%
_ughend__
69%
{V}o{lgograd}
69%
{Ade}n{}
68%
_ai___
68%
_ainwrig__
68%
_am_____
68%
_am______
68%
_angnir____
68%
{An}t{alya}
68%
{Be}n{ghazi}
68%
{Bil}l{ings}
68%
{Bis}s{au}
68%
{Bu}f{falo}
68%
{Chi}ș{inău}
68%
{Do}n{etsk}
68%
_id____
68%
_in__
68%
_īr____
68%
_iu____
68%
_jd_____
68%
{Ma}j{uro}
68%
{Mé}r{ida}
68%
{Na}g{oya}
68%
_odø
68%
_outs_______
68%
_ova_____
68%
{Pal}m{a}
68%
{Pe}r{m}
68%
_qu____
68%
{Sa}m{ara}
68%
{South}a{mpton}
68%
_ta_______
68%
_wjila_
68%
{Ada}n{a}
67%
_agqu
67%
_amb_____
67%
_an__
67%
_ar_____
67%
{Bar}i{}
67%
{Barra}n{quilla}
67%
{Bas}r{a}
67%
{Bi}l{bao}
67%
_bo_____________
67%
{C}e{bu}
67%
_elawik
67%
_en___________
67%
_er__
67%
_ha_____
67%
{He}r{aklion}
67%
_ilade____
67%
_imb____
67%
{Ja}i{pur}
67%
{Łód}ź{}
67%
{Mara}c{aibo}
67%
_meå
67%
{Nu}r{emberg}
67%
_nve________
67%
_on_____
67%
_or____
67%
_orino
67%
_otzeb__
67%
{Santa C}r{uz}
67%
_si__
67%
_spera___
67%
{The}s{saloníki}
67%
{Aa}r{hus}
66%
{Ag}r{a}
66%
_arr__________
66%
_ba___
66%
{Bandun}g{}
66%
{Barr}o{w}
66%
{}C{agliari}
66%
{Ca}n{berra}
66%
{Ca}t{ania}
66%
_chel____
66%
{Ciudad }J{uárez}
66%
{Col}u{mbus}
66%
{Dun}e{din}
66%
_en____
66%
_ernand____________
66%
_hak___
66%
_hi___
66%
_ij____
66%
_ind___
66%
{I}q{aluit}
66%
_iu___________
66%
_la_____
66%
{L}h{asa}
66%
{Ma}s{hhad}
66%
{Mo}m{basa}
66%
{Mos}u{l}
66%
{Nan}j{ing}
66%
{Na}t{al}
66%
{N}o{me}
66%
{Ri}c{hmond}
66%
_rovide____
66%
{Te}g{ucigalpa}
66%
{Tro}n{dheim}
66%
_us__
66%
_ab________
65%
_ais
65%
_al___
65%
_an_____
65%
{Bat}o{n Rouge}
65%
{Bl}o{emfontein}
65%
{Bur}s{a}
65%
{Cu}r{itiba}
65%
{Dam}m{am}
65%
_en_____
65%
_eshuk_______
65%
{F}u{kuoka}
65%
{Hi}l{o}
65%
_illing___
65%
_imm___
65%
{Ir}k{utsk}
65%
_iss____
65%
{Ka}z{an}
65%
{Ku}n{ming}
65%
{Le}i{pzig}
65%
{Man}d{alay}
65%
{M}e{dan}
65%
_oh___
65%
_shu___
65%
{Sura}t{}
65%
{X}i{amen}
65%
{Y}e{katerinburg}
65%
{Ye}l{lowknife}
65%
{Agad}i{r}
64%
_aul____________
64%
{Bis}m{arck}
64%
{}D{a Nang}
64%
{Da}v{ao}
64%
_en_____
64%
{Fa}r{go}
64%
{Fun}c{hal}
64%
_he Pa_
64%
_ik___
64%
_itzroy ________
64%
{Ma}k{assar}
64%
{Nag}p{ur}
64%
_os_____
64%
{Ou}l{u}
64%
{Pu}e{bla}
64%
{Ra}l{eigh}
64%
_raoua__
64%
{Ro}s{ario}
64%
{Ros}t{ov}
64%
{Se}v{astopol}
64%
{Ta}n{gier}
64%
{Th}u{nder Bay}
64%
{To}w{nsville}
64%
{Tr}o{msø}
64%
{U}f{a}
64%
_aitap_
63%
{Ark}h{angelsk}
63%
_aze
63%
{Chi}h{uahua}
63%
{Dal}i{an}
63%
_er_____
63%
_erby
63%
_eso_______
63%
{Ham}i{}
63%
_in_____
63%
{Lub}u{mbashi}
63%
{Moron}i{}
63%
{Port }H{arcourt}
63%
{Q}i{ngdao}
63%
{Sa}v{annah}
63%
{S}t{anley}
63%
{V}l{adivostok}
63%
{A}d{amstown}
62%
_arr___________
62%
_asco
62%
_ay______
62%
{Br}n{o}
62%
{Ca}y{enne}
62%
{Chang}s{ha}
62%
{Cl}u{j-Napoca}
62%
{Cu}s{co}
62%
{Do}u{ala}
62%
_ewak
62%
{}F{aaa}
62%
{Fai}s{}
62%
{Hi}r{oshima}
62%
_hurchil_______
62%
_ib_
62%
{Ind}o{re}
62%
_ío ________
62%
{Krasno}y{arsk}
62%
_le__
62%
{Lin}z{}
62%
{Mc}M{urdo Station}
62%
{Na}h{a}
62%
_ob_____
62%
_ock_______
62%
_om Pri__
62%
_onsorol
62%
{Q}o{m}
62%
{Que}t{ta}
62%
_renh__
62%
_rre____
62%
{Sa}s{katoon}
62%
{Shi}r{az}
62%
{Si}o{ux Falls}
62%
{Sp}o{kane}
62%
{S}u{cre}
62%
{Tu}c{son}
62%
_ty___
62%
_ue______
62%
{W}h{itehorse}
62%
{Za}r{agoza}
62%
{}A{alborg}
61%
_agdar__
61%
_aint-________
61%
{Al}b{any}
61%
{As}w{an}
61%
_ata_
61%
{A}v{arua}
61%
_aym___
61%
_ede__
61%
_eh
61%
_etic__
61%
{Gra}z{}
61%
{}I{badan}
61%
_igh L____
61%
{Ko}d{iak}
61%
{Lon}g{yearbyen}
61%
{Lo}u{isville}
61%
{Lub}b{ock}
61%
{Nan}n{ing}
61%
_odj_
61%
_ow________
61%
{Pal}e{mbang}
61%
{Pun}t{a Arenas}
61%
_rd__
61%
_rel__
61%
{Saint John}'{s}
61%
{Sh}e{nyang}
61%
{T}i{anjin}
61%
{Ti}m{buktu}
61%
_uan_________
61%
_uta
61%
{Vi}r{ginia Beach}
61%
_ai____
60%
_ami__
60%
{Ant}o{fagasta}
60%
_ao___
60%
_arra___
60%
{Ast}r{akhan}
60%
_avar____
60%
_eringo_____
60%
_garka
60%
{Gre}e{nsboro}
60%
_gvekin__
60%
{Han}g{a Roa}
60%
{Ja}y{apura}
60%
_kt___
60%
{Le}r{wick}
60%
{Li}t{tle Rock}
60%
{Nou}m{éa}
60%
_oma
60%
{Re}g{ina}
60%
{Sal}z{burg}
60%
{Sa}u{lt Ste. Marie}
60%
{S}p{lit}
60%
{Tal}l{ahassee}
60%
_umb_
60%
_urukh____
60%
_usuma_
60%
{}Y{akutsk}
60%
{A}c{apulco}
59%
{A}n{adyr}
59%
{Ar}e{quipa}
59%
{Bro}o{me}
59%
{D}o{doma}
59%
_erra__
59%
_ewman
59%
{Fais}a{labad}
59%
{Gab}o{rone}
59%
{G}r{and Junction}
59%
{Gr}y{tviken}
59%
{Har}t{ford}
59%
_ied__
59%
_imbe
59%
_in___
59%
_iwa O____
59%
{Ka}o{hsiung}
59%
_l Gh_____
59%
{Mis}s{oula}
59%
{Na}y{pyidaw}
59%
_oror
59%
_ou_____
59%
_oxim
59%
{Po}n{ta Delgada}
59%
{Port }S{aid}
59%
{Port S}u{dan}
59%
_ran_______
59%
_rinc________
59%
_roke______
59%
{Sara}t{ov}
59%
{Sh}r{eveport}
59%
{Tab}r{iz}
59%
{Tór}s{havn}
59%
{Tu}l{sa}
59%
{Vi}g{o}
59%
_aima
58%
_aiohae
58%
_al__
58%
_als__
58%
_an_____
58%
_an____
58%
_an Ju____
58%
_averton
58%
{Ba}t{a}
58%
{Bel}i{ze City}
58%
{Bh}o{pal}
58%
{Bod}ø{}
58%
_eduna
58%
_elvil__
58%
{Fre}s{no}
58%
{Fu}z{hou}
58%
_ga___
58%
{Great}e{r Sudbury}
58%
{Ha}i{kou}
58%
{Har}r{isburg}
58%
_hi_____
58%
_ico_
58%
_il_________
58%
_ir_
58%
_irao
58%
{Jo}d{hpur}
58%
{Ko}t{ā}
58%
_lyuch_
58%
{Ma}g{adan}
58%
{Ma}l{abo}
58%
{Me}x{icali}
58%
_m Ti___
58%
_opedale
58%
_oun_______
58%
_oyo_____
58%
{Port-au}x{-Français}
58%
_ru_______
58%
{Sai}p{an}
58%
{Santa }F{e}
58%
{São }L{uís}
58%
{Se}n{dai}
58%
_sh_____
58%
{Spring}f{ield}
58%
{Var}n{a}
58%
{Yam}o{ussoukro}
58%
_aa_____
57%
{Abi}l{ene}
57%
_acarea_____
57%
_ada
57%
_ak____
57%
_al_
57%
{Al }J{awf}
57%
{Amb}o{n}
57%
_an_______
57%
_an____
57%
_apari
57%
_arau___
57%
{At}u{ona}
57%
_aykit
57%
{Bao}t{ou}
57%
{Be}t{hel}
57%
{Bu}c{aramanga}
57%
{Bu}j{umbura}
57%
{D}n{ipro}
57%
_eno____
57%
_eya
57%
{F}l{ying Fish Cove}
57%
{Fort }M{cMurray}
57%
{Genè}v{e}
57%
{Ge}r{aldton}
57%
{Gr}o{ningen}
57%
{Gui}y{ang}
57%
{Iqui}t{os}
57%
_iung_
57%
{Ko}n{ya}
57%
{Kor}o{r}
57%
{K}r{asnodar}
57%
{La}e{}
57%
{La}n{zhou}
57%
_lta____
57%
{M}o{bile}
57%
_n S____
57%
_oint Ho__
57%
_ol_
57%
_oli__________
57%
{Pát}r{a}
57%
{Petro}p{avl}
57%
{Petropavl}o{vsk-Kamchatsky}
57%
{Pl}o{vdiv}
57%
{Port H}e{dland}
57%
_ra______
57%
_ripu___
57%
{So}u{sse}
57%
{Sta}v{anger}
57%
{Tama}n{rasset}
57%
{Th}e{ Pas}
57%
_ub____
57%
_uelta_______
57%
_uerr_________
57%
_ui__
57%
_umb______
57%
_uru__
57%
{U}s{huaia}
57%
{Vit}ó{ria}
57%
_zernov____
57%
_ad___
56%
{Al}o{fi}
56%
{Am}a{rillo}
56%
{Ar}c{tic Bay}
56%
_aye_
56%
_béc__
56%
{Bu}l{awayo}
56%
{Chi}t{a}
56%
{Co}m{odoro Rivadavia}
56%
{Con}c{epción}
56%
{Cor}n{er Brook}
56%
{Da}w{son City}
56%
{Dil}l{ingham}
56%
_em___
56%
_émbé
56%
_er____
56%
_erboga____
56%
{G}i{jón}
56%
{G}j{oa Haven}
56%
{Gö}t{eborg}
56%
{Grand}e{ Prairie}
56%
_ha_______
56%
{Hang}z{hou}
56%
{Ha}p{py Valley-Goose Bay}
56%
{H}e{fei}
56%
_hegd____
56%
{Herā}t{}
56%
{I}d{aho Falls}
56%
_idal
56%
_iff_
56%
_imi____
56%
{In}u{vik}
56%
_irun___
56%
{Ji}n{an}
56%
{Kal}g{oorlie}
56%
{Ki}s{angani}
56%
{Kot}z{ebue}
56%
_ldan
56%
{Mac}k{ay}
56%
{Mb}u{ji-Mayi}
56%
{No}r{ilsk}
56%
_ort Mc_______
56%
_oru___
56%
_ovet____________
56%
_oyh_____
56%
{Po}z{nań}
56%
{Puerto Ay}o{ra}
56%
{Ra}p{id City}
56%
{San}-{Pédro}
56%
{Se}m{arang}
56%
{Th}o{mpson}
56%
_ue_________
56%
_uk____
56%
_ulap
56%
{Vor}o{nezh}
56%
_ykha_
56%
{Ab}r{aham’s Bay}
55%
_addā_
55%
_adu___
55%
_ah____
55%
_aji_
55%
_al_________
55%
_alk____
55%
_anta________________
55%
_arcel__
55%
_ata-Ut_
55%
_atowan
55%
_aun
55%
{Ba}n{da Aceh}
55%
{Bei}r{a}
55%
{Ben}i{}
55%
{Bo}a{ Vista}
55%
{Ch}i{ang Mai}
55%
{Ciudad }G{uayana}
55%
{Cl}y{de River}
55%
{Colo}n{ia}
55%
{Du}l{uth}
55%
_eline
55%
_ethem
55%
_eyne_
55%
{Ga}o{}
55%
_hakaw_
55%
{Her}m{osillo}
55%
_hovd
55%
{Hua}m{bo}
55%
_i ______
55%
_ia______
55%
_ibe_____
55%
_iluna
55%
{Ke}l{owna}
55%
{K}n{oxville}
55%
{Kota }K{inabalu}
55%
{Le}ó{n}
55%
_loncur__
55%
_lulis___
55%
_lyokm____
55%
_mbo_____
55%
{Mi}n{delo}
55%
{Ol}o{nkinbyen}
55%
_on______
55%
_oober ____
55%
_or______
55%
{Or}e{nburg}
55%
_orgha_
55%
_ot__
55%
_otl__
55%
{Pe}k{anbaru}
55%
{Point}e{-Noire}
55%
_prin____
55%
{Prince }G{eorge}
55%
{Puerto }M{ontt}
55%
_ra_
55%
{Ra}w{alpindi}
55%
_ray
55%
_rec_
55%
{Ro}m{a}
55%
{Sam}s{un}
55%
_st’____
55%
{Te}r{esina}
55%
{Ter}r{ace}
55%
{Tob}r{uk}
55%
{Tor}r{eón}
55%
_ua___
55%
_uan____
55%
{U}m{eå}
55%
_uwu_
55%
{W}i{chita}
55%
{W}r{ocław}
55%
_yk______
55%
_ynd_
55%
_yz__
55%
{A}b{akan}
54%
{A}g{adez}
54%
_aksi__
54%
_ami__
54%
_an________
54%
_ão F_____________
54%
_aru
54%
_avie__
54%
{Ba}h{ía Blanca}
54%
{Br}o{ken Hill}
54%
{Ca}m{agüey}
54%
{Camp}o{ Grande}
54%
{Car}n{arvon}
54%
{Cas}p{er}
54%
{Che}l{yabinsk}
54%
{Cu}i{abá}
54%
{Cu}l{iacán}
54%
_'Dél_
54%
_eetm_______
54%
_en____
54%
_ensk
54%
{Es}p{erance}
54%
_evek
54%
_ha______
54%
_hersk__
54%
{H}i{gh Level}
54%
{Ho}m{s}
54%
{I}n{ Salah}
54%
{Ka}t{herine}
54%
{Ke}r{man}
54%
_kimcha_
54%
{Kol}o{nia}
54%
{Ku}c{hing}
54%
_l _____
54%
_lenyok
54%
_llizi
54%
_mbi____
54%
{Mir}n{y}
54%
_n _____
54%
{Nor}m{an Wells}
54%
{}O{axaca}
54%
_odin__
54%
_ogoc__
54%
_om_______________
54%
_osa__
54%
{Palma}s{}
54%
{Pa}t{na}
54%
{Pe}s{hawar}
54%
{Por}t{ Blair}
54%
{Porto }V{elho}
54%
{Ran}k{in Inlet}
54%
{Rik}i{tea}
54%
{Şa}l{ālah}
54%
{San}d{ Point}
54%
{Santa Maria}
54%
{Santa }M{aria}
54%
_sha____
54%
{Shan}t{ou}
54%
_tar
54%
{Tr}u{jillo}
54%
_ual
54%
_uls___
54%
_urb__
54%
{Wa}t{erford}
54%
{Wen}z{hou}
54%
_yag__
54%
_yurba
54%
_ai___
53%
{Ak}t{au}
53%
{Al}l{ahabad}
53%
_alls C____
53%
{Alta}y{}
53%
_amo_____
53%
_anavar_
53%
_ano_____
53%
_ar___
53%
{Ar}i{jejen}
53%
_asa__
53%
_ata
53%
_atagay______
53%
_ataura
53%
{At}y{rau}
53%
{Ay}k{hal}
53%
{Ba}l{ikpapan}
53%
{Ban}j{a Luka}
53%
{Beni}n{ City}
53%
{Bu}n{daberg}
53%
{Ci}u{dad del Este}
53%
{Di}k{son}
53%
_eekatha___
53%
_efé
53%
_elaya ____
53%
{El}k{o}
53%
_emio
53%
{Fort }N{elson}
53%
{Gha}t{}
53%
{Gro}o{tfontein}
53%
{Ho}o{per Bay}
53%
_iak
53%
_idjik__
53%
_ilichi__
53%
{Ki}m{be}
53%
{Kir}o{v}
53%
{Let}i{cia}
53%
{Lub}l{in}
53%
_mderma
53%
{Na}n{chang}
53%
{Na}p{ari}
53%
{Nuku}s{}
53%
_oday__
53%
_ola
53%
_oue____
53%
_oy_____
53%
{Puerto }P{rincesa}
53%
_ra______
53%
{Re}d{ding}
53%
{Ro}v{aniemi}
53%
{Saint-}P{ierre}
53%
{San }M{iguel}
53%
_st________
53%
_st____________
53%
_st-Ts____
53%
{T}r{elew}
53%
{Tu}x{tla}
53%
_vensk
53%
_wand_
53%
{We}s{t Island}
53%
_abi__
52%
_ac___
52%
{Alo}t{au}
52%
{Al}t{amira}
52%
_amensko__
52%
{A}m{ Timan}
52%
_anda______
52%
_an Feli__
52%
{Antsira}n{ana}
52%
{A}q{aba}
52%
{Ara}r{}
52%
{Ara}w{a}
52%
_aruu_____
52%
_arya_____
52%
{A}t{afu}
52%
{Ata}r{}
52%
_aya-_______
52%
{Barcelo}s{}
52%
{Bata}g{ay}
52%
{Bil}i{bino}
52%
{Bo}u{aké}
52%
{Braş}o{v}
52%
{Ca}p{e Coral}
52%
{Ce}d{una}
52%
{Che}t{umal}
52%
{Co}o{ber Pedy}
52%
{Dar}u{}
52%
{}E{ast London}
52%
_eava
52%
{E}b{aye}
52%
{El }O{beid}
52%
_em__
52%
_eputa____
52%
{G}e{neina}
52%
{Gi}z{o}
52%
{Gu}w{ahati}
52%
{}H{adibu}
52%
{Ha'}i{l}
52%
{Hal}l{s Creek}
52%
_hokurd___
52%
_ib______
52%
_ilh___
52%
{Il}u{lissat}
52%
{I}m{peratriz}
52%
{Ir}e{cê}
52%
_itú
52%
_jae
52%
{Kara}g{andy}
52%
{Ka}v{aratti}
52%
_kh__
52%
{Ku}g{luktuk}
52%
_la____________
52%
{Lab}r{ador City}
52%
{La}s{ Palmas de Gran Canaria}
52%
{La}t{a}
52%
{Li}v{ingstone}
52%
{Lu}b{ango}
52%
{Ma}c{apá}
52%
{Ma}m{oudzou}
52%
{Ma}r{ del Plata}
52%
{Mata}-{Utu}
52%
{Ma}u{n}
52%
{Ma}z{ar}
52%
{M}c{Allen}
52%
{Mil}d{ura}
52%
{Mi}r{i}
52%
{Mo}e{rai}
52%
{Mount }I{sa}
52%
_oen__
52%
{Okh}o{tsk}
52%
_on___
52%
_oreng__
52%
{Péc}s{}
52%
{Port }M{athurin}
52%
{Pr}u{dhoe Bay}
52%
_ra_
52%
{Ri}o{ Branco}
52%
{Ru}n{du}
52%
_ruz___________
52%
{Samar}k{and}
52%
_ssora
52%
{Tab}w{akea}
52%
_tai____
52%
{Tai}y{uan}
52%
{Tamp}i{co}
52%
{Tas}i{ilaq}
52%
{Ti}k{si}
52%
{To}f{ol}
52%
{Ty}u{men}
52%
_uau
52%
_uena
52%
{Wa}l{vis Bay}
52%
_yan
52%
_yit_____
52%
_yryan__
52%
{Zh}e{ngzhou}
52%
_alana
51%
_amb___
51%
_anga____
51%
{A}o{zou}
51%
{At}b{ara}
51%
{B}é{char}
51%
{Bo}s{aso}
51%
{Bra}t{sk}
51%
{Bu}m{ba}
51%
{Car}g{ados Carajos}
51%
{Co}q{uimbo}
51%
{Cor}u{mbá}
51%
{Dak}h{la}
51%
{Di}y{arbakır}
51%
_ech___
51%
_es ______
51%
{Fa}d{a}
51%
{F}r{anceville}
51%
_ga_______
51%
{Ga}r{issa}
51%
{Gar}o{ua}
51%
{He}g{ang}
51%
{Hi}h{ifo}
51%
{Ho}t{an}
51%
_humika_
51%
_il______
51%
{In}v{ercargill}
51%
{Je}j{u}
51%
{Ka}l{amata}
51%
{Kan}d{ahār}
51%
{Kav}i{eng}
51%
{Ko}š{ice}
51%
{Ku}p{ang}
51%
{Lu}g{anville}
51%
_lyangu__
51%
{Ma}i{duguri}
51%
{Ma}n{ado}
51%
{Mar}q{uette}
51%
{Me}n{doza}
51%
_msukc___
51%
{Mu}l{tan}
51%
{Nam}p{ula}
51%
{Ne}u{quén}
51%
_op____
51%
_ou____
51%
{Pang}n{irtung}
51%
{Qa}q{ortoq}
51%
_redne_______
51%
{}S{abhā}
51%
{Saint-}D{enis}
51%
{Sa}n{ Andrés}
51%
{San José} {del Cabo}
51%
{San }L{uis}
51%
{San Miguel} {de Tucumán}
51%
{San }P{edro Sula}
51%
{Si}s{imiut}
51%
{Ter}n{ate}
51%
{Trin}i{dad}
51%
{T}u{al}
51%
_üder___
51%
_ur________
51%
_urgh__
51%
{Wai}t{angi}
51%
{Wat}s{on Lake}
51%
{We}n{o}
51%
{Abu }S{imbel}
50%
{Ambo}v{ombe}
50%
_askyla__
50%
{Aya}n{}
50%
{Bahi}r{ Dar}
50%
{Banja}r{masin}
50%
{Barr}e{iras}
50%
{Bar}u{un-Urt}
50%
{Beng}k{ulu}
50%
{Bo}b{o-Dioulasso}
50%
{Bo}d{aybo}
50%
{C}o{ari}
50%
{Co}c{habamba}
50%
{Cop}i{apó}
50%
{De}r{by}
50%
{E}l{ Daein}
50%
_et______
50%
{Fort }S{mith}
50%
{Ga}m{bēla}
50%
{Hail}a{r}
50%
{Hai}m{a}
50%
{Hu}b{li-Dharwad}
50%
_ikol______________
50%
_ikol’sk___
50%
{Is}i{ro}
50%
_iz___________
50%
{J}i{ Paraná}
50%
{Ka}y{es}
50%
{Ke}n{dari}
50%
{Kha}t{anga}
50%
{Ki}u{nga}
50%
{Kl}y{uchi}
50%
{Ko}m{somolsk-on-Amur}
50%
{Kun}u{nurra}
50%
{Lo}r{engau}
50%
{Lü}d{eritz}
50%
{Mad}u{rai}
50%
{Mak}h{achkala}
50%
{Man}i{coré}
50%
{Man}o{kwari}
50%
{Mer}s{a Matruh}
50%
{Mi}t{ú}
50%
{Moun}t{ Hagen}
50%
{M}w{anza}
50%
{M}y{eik}
50%
{Nab}i{re}
50%
{New}m{an}
50%
{Nh}u{lunbuy}
50%
{O}k{ayama}
50%
{Pa}l{ana}
50%
{Pe}t{rolina}
50%
{Sal}e{m}
50%
{Santa}r{ém}
50%
{Santa }R{osa}
50%
{Son}s{orol}
50%
{Sur}g{ut}
50%
{Tam}b{acounda}
50%
{Tamb}o{pata}
50%
{Te}n{nant Creek}
50%
{Tim}i{moun}
50%
{To}m{ Price}
50%
{Tu}r{a}
50%
_uéss_
50%
{Va}i{tape}
50%
_ar_
49%
{Ar}k{alyk}
49%
_au
49%
{Ba}g{darin}
49%
{Bal}k{anabat}
49%
{B}h{ilai}
49%
{Bi}r{ao}
49%
{Bīr}j{and}
49%
{Bo}e{nde}
49%
{Bu}r{aydah}
49%
{Bu}t{a}
49%
{Ch}o{kurdakh}
49%
{Ch}u{mikan}
49%
{Co}i{mbatore}
49%
{De}s{ē}
49%
{Dj}o{ugou}
49%
{Du}r{ango}
49%
{E}i{runepé}
49%
_falik
49%
{Fort}-{de-France}
49%
{}G{aalkacyo}
49%
{Gr}e{at Falls}
49%
{Ho}h{hot}
49%
{I}r{anshahr}
49%
{Ja}t{aí}
49%
{Ka}s{ama}
49%
{Kas}s{ala}
49%
_kha
49%
{Kh}o{vd}
49%
{K}i{dal}
49%
{Kir}k{uk}
49%
{Kis}m{ayo}
49%
{Ko}k{opo}
49%
{Ku}m{asi}
49%
{K}y{zyl}
49%
{Li}j{iang}
49%
{Lo}d{ja}
49%
{Mb}e{ya}
49%
{Mon}t{ego Bay}
49%
{Monte}s{ Claros}
49%
{Mo}p{ti}
49%
{Moron}d{ava}
49%
{Na}r{yan-Mar}
49%
{N}e{iafu}
49%
{Né}m{a}
49%
{N}h{a Trang}
49%
{Pa}g{o Pago}
49%
{Pal}u{}
49%
{Pa}v{lodar}
49%
{P}u{callpa}
49%
{Qa}m{do}
49%
{Re}s{istencia}
49%
{Sas}s{ari}
49%
{So}r{ong}
49%
_s Su______
49%
{Sto}r{noway}
49%
{Surat} {Thani}
49%
{Sy}k{tyvkar}
49%
{Tab}u{k}
49%
{Ta}m{ale}
49%
{Tar}i{ja}
49%
{To}b{i}
49%
{To}l{iara}
49%
{Tur}b{at}
49%
{U}p{ernavik}
49%
{Up}i{ngton}
49%
{Vo}r{kuta}
49%
{Ya}r{oslavl}
49%
{Ah}v{az}
48%
{A}k{su}
48%
{Åle}s{und}
48%
{Ar}r{ecife}
48%
{A}s{ Sulayyil}
48%
{A}y{agoz}
48%
{Bil}m{a}
48%
{Bu}k{hara}
48%
{Ch}e{gdomyn}
48%
{Chu}r{chill Falls}
48%
{De}p{utatsky}
48%
{Er}z{urum}
48%
_ever__________
48%
{Fa}y{a-Largeau}
48%
{Fort }Y{ukon}
48%
{Fu}v{ahmulah}
48%
{Har}g{eisa}
48%
{Hi}n{ton}
48%
{Hö}f{n}
48%
{I}c{a}
48%
_inton
48%
{Ka}h{rīz}
48%
{Kan}k{an}
48%
{Ke}e{tmanshoop}
48%
{Ki}k{wit}
48%
{Kos}t{anay}
48%
{Kost}i{}
48%
{Lond}r{ina}
48%
{Mala}k{al}
48%
{Mog}o{cha}
48%
{M}z{uzu}
48%
{Ne}r{yungri}
48%
_obar
48%
{Oms}u{kchan}
48%
{O}r{al}
48%
{Os}h{akati}
48%
{Port-}G{entil}
48%
{Prince }R{upert}
48%
{Pr}o{videniya}
48%
{Que}l{imane}
48%
{Rock}h{ampton}
48%
{Ros}w{ell}
48%
{San}t{a Clara}
48%
{Sin}o{p}
48%
{Sok}o{to}
48%
{Sr}i{nagar}
48%
{Tab}o{ra}
48%
{Ta}o{udenni}
48%
{}U{berlândia}
48%
{Ud}o{n Thani}
48%
{Wa}u{}
48%
{Wu}x{i}
48%
{Yi}n{chuan}
48%
{As}y{ūţ}
47%
{Ber}t{oua}
47%
{Cali}c{ut}
47%
{Cara}u{ari}
47%
{Chan}g{chun}
47%
{Far}m{ington}
47%
{Gene}r{al Santos}
47%
{Gu}i{lin}
47%
{Ka}é{di}
47%
{Ka}g{a Bandoro}
47%
{Kas}h{gar}
47%
{Ki}n{du}
47%
{K}o{chi}
47%
{Ku}l{hudhuffushi}
47%
{Ma}h{ajanga}
47%
{Ma}o{}
47%
{Mara}t{hon}
47%
{May}o{}
47%
{Men}o{ngue}
47%
{Mong}u{}
47%
{Mou}n{dou}
47%
{M}t{wara}
47%
{Ni}n{gbo}
47%
{Oran}g{e}
47%
{Ro}c{k Springs}
47%
{Salt}a{}
47%
{Santiago} {de Cuba}
47%
{Sa}y{nshand}
47%
{S}f{ax}
47%
{Si}w{a Oasis}
47%
{Tom}s{k}
47%
{U}k{hta}
47%
{Ust-K}a{menogorsk}
47%
{Ust-}N{era}
47%
{We}i{pa}
47%
{W}o{tje}
47%
{Ya}z{d}
47%
{Za}m{boanga}
47%
{Ab}é{ché}
46%
_aik____
46%
{Akt}o{be}
46%
{Ant}s{irabe}
46%
{Au}k{i}
46%
_aur___
46%
{Balk}h{ash}
46%
{Banda}r{ Abbas}
46%
{Cam}p{eche}
46%
{Ciudad }V{ictoria}
46%
{Dav}i{d}
46%
{Du}n{can Town}
46%
_eningra_____
46%
{Go}m{el}
46%
{Ho}p{edale}
46%
{Ja}f{fna}
46%
{Kand}i{}
46%
{Kha}m{is Mushait}
46%
{Mar}y{}
46%
{M}b{andaka}
46%
{Mu}k{alla}
46%
_onga
46%
_oron____
46%
_ovy________
46%
{Poin}t{ Hope}
46%
{Port-}d{e-Paix}
46%
{Saint-}A{ugustin}
46%
{Su}s{uman}
46%
{Ul}i{astay}
46%
{Va}r{anasi}
46%
{Vi}l{hena}
46%
{We}w{ak}
46%
{Wi}l{lemstad}
46%
{Ag}u{ascalientes}
45%
{A}l{ Ain}
45%
{Al}d{an}
45%
{Arā}k{}
45%
{Ara}l{}
45%
{As}s{ab}
45%
_atawal
45%
{Bay}k{it}
45%
{Bi}h{ać}
45%
{B}r{andon}
45%
{Ciudad }O{bregón}
45%
{Cu}e{nca}
45%
{F}o{rt Albany}
45%
{Green}v{ille}
45%
{G}w{alior}
45%
_higan__
45%
{Isa}n{gel}
45%
{Le}h{}
45%
{Lim}ó{n}
45%
{Mel}v{ille}
45%
{Mi}d{land}
45%
{M}u{danjiang}
45%
_odwa_
45%
{Pe}v{ek}
45%
{Port }L{incoln}
45%
{Pr}i{nce Albert}
45%
{Río }G{allegos}
45%
{San Luis} {Potosí}
45%
{Sau}r{imo}
45%
{Si}t{ka}
45%
{Ti}l{ichiki}
45%
{Va}n{avara}
45%
{X}u{zhou}
45%
{Zh}i{gansk}
45%
{Z}y{ryanka}
45%
{Aj}m{er}
44%
{Asa}u{}
44%
{Bandar }L{ampung}
44%
{Chic}l{ayo}
44%
{Co}y{haique}
44%
{Da}t{ong}
44%
{F}i{ladelfia}
44%
{Fort Mc}P{herson}
44%
{He}n{gyang}
44%
{I}f{alik}
44%
{Il}l{izi}
44%
{Jo}s{}
44%
{Kir}u{na}
44%
{Mys}o{re}
44%
{Nam}d{rik}
44%
{Pa}d{ang}
44%
{P}e{chora}
44%
{P}l{even}
44%
{Ra}q{qa}
44%
{Si}b{u}
44%
{Stav}r{opol’}
44%
{Ve}r{acruz}
44%
{Ye}r{bogachen}
44%
{Za}h{edan}
44%
{Z}o{uerate}
44%
{Au}r{angabad}
43%
{Bar}e{illy}
43%
{Ba}s{co}
43%
{De}l{ine}
43%
{Fi}t{zroy Crossing}
43%
{Franc}i{stown}
43%
{H}r{odna}
43%
_ilyuy__
43%
{I}p{oh}
43%
{Jab}o{r}
43%
{Jo}i{nville}
43%
{Jo}l{o}
43%
{K}h{abarovsk}
43%
{L}i{beria}
43%
{Mah}d{ia}
43%
{Mao}m{ing}
43%
{Min}o{t}
43%
{Ok}h{a}
43%
{Pär}n{u}
43%
{Pa}s{to}
43%
{Ra}s{ht}
43%
{Rasht}
43%
{To}n{ga}
43%
{Ula}n{-Ude}
43%
{Wa}g{ga Wagga}
43%
{Xian}g{yang}
43%
{Bai}k{onur}
42%
{Barra do }G{arças}
42%
{Bat}t{ambang}
42%
{Bla}n{tyre}
42%
{Chang}d{e}
42%
{Cher}s{kiy}
42%
{Coc}k{burn Town}
42%
{Do}r{i}
42%
{Dura}z{no}
42%
{Gas}p{é}
42%
{Gu}l{u}
42%
{Ha}l{f Tree Hollow}
42%
{Ha}n{dan}
42%
{Har}p{er}
42%
{Il}o{rin}
42%
{Jin}i{ng}
42%
{La }R{onge}
42%
{Mak}i{n}
42%
{Man}z{ini}
42%
{Ol}y{okminsk}
42%
{Ra}n{chi}
42%
{San Ju}l{ián}
42%
{Sp}r{ingbok}
42%
{Va}l{-d'Or}
42%
{Xi}l{in Hot}
42%
{Bai}s{e}
41%
{Bal}s{as}
41%
{Batagay}-{Alyta}
41%
{Bh}u{baneswar}
41%
{Conc}o{rdia}
41%
{Ha}m{adān}
41%
{Iq}u{ique}
41%
{Ki}f{fa}
41%
{N}u{eva Guinea}
41%
_oxby _____
41%
{Pe}l{otas}
41%
{Pe}n{za}
41%
{P}i{cos}
41%
{Pi}u{ra}
41%
{San }B{enito}
41%
{San }F{elipe}
41%
{Si}l{iguri}
41%
{Tai}z{}
41%
{}T{a`ū}
41%
{Tim}m{ins}
41%
{Ust’}-{Kut}
41%
{Vi}s{hakhapatnam}
41%
{Aru}s{ha}
40%
{Ba}o{ding}
40%
{Bar}q{uisimeto}
40%
{Cl}o{ncurry}
40%
{Ei}t{a}
40%
{El}i{sta}
40%
{E}v{ensk}
40%
{Ki}r{akira}
40%
{K}l{aipėda}
40%
{Mal}d{onado}
40%
{Mana}n{ara}
40%
{Man}g{alore}
40%
{Mar}a{bá}
40%
{Mba}r{ara}
40%
{Mog}i{lev}
40%
{Na}z{e}
40%
{Pont}i{anak}
40%
{Sand}a{kan}
40%
{Vi}n{gt Cinq}
40%
{Wa}n{zhou}
40%
{Will}i{ams Lake}
40%
{Win}t{on}
40%
_alan_______
39%
{Bar}r{a do Corda}
39%
{B}i{ak}
39%
{Co}b{ar}
39%
{Ga}b{ès}
39%
{Gan}z{hou}
39%
{Gu}r{upi}
39%
{Ham}h{ŭng}
39%
{Ib}r{i}
39%
{Ka}n{anga}
39%
{}L{a Ceiba}
39%
{Le}s{ Abymes}
39%
{Li}u{zhou}
39%
{Man}t{a}
39%
{Mel}o{}
39%
{Mo}n{go}
39%
{Ni}i{gata}
39%
{}Q{aanaaq}
39%
{Sa}g{uenay}
39%
{Saint-}L{aurent-du-Maroni}
39%
{Su}n{dsvall}
39%
{Tar}t{u}
39%
{Wa}d{dān}
39%
{Xi}n{ing}
39%
_ahe
38%
{Am}b{ilobe}
38%
{Ar}u{a}
38%
{Bī}k{aner}
38%
{Bo}z{oum}
38%
{C}h{agda}
38%
{D}e{dedo}
38%
{H}u{ai'an}
38%
{I}g{arka}
38%
{Imp}f{ondo}
38%
{Is}h{igaki}
38%
{}J{abalpur}
38%
{Kara}k{ol}
38%
{Lab}é{}
38%
{La}u{nceston}
38%
{L}o{bito}
38%
{Ma}x{ixe}
38%
{Mi}ş{rātah}
38%
{Mo}r{elia}
38%
{Po}s{adas}
38%
{Ro}x{by Downs}
38%
{Sar}h{}
38%
{Ta}h{e}
38%
{U}d{aipur}
38%
_uz______________
38%
{Yu}z{hno-Sakhalinsk}
38%
{Z}i{nder}
38%
{Bao}j{i}
37%
{Co}x{im}
37%
{Cui}t{o}
37%
{Kay}s{eri}
37%
{Li}n{yi}
37%
{Me}k{elle}
37%
{No}u{adhibou}
37%
{Pan}g{ai}
37%
{Par}e{pare}
37%
{Pi}n{ar del Río}
37%
{Sant}o{ António}
37%
{Se}l{awik}
37%
{Unala}s{ka}
37%
{Āsa}n{sol}
36%
{Bam}e{nda}
36%
{Bat}u{mi}
36%
{Be}i{’an}
36%
{Dal}o{a}
36%
{Don}g{ola}
36%
{Fu}x{in}
36%
{I}l{ebo}
36%
{Kadu}n{a}
36%
{Kam}i{na}
36%
{Kor}l{a}
36%
{Le}n{ingradskiy}
36%
{Lod}w{ar}
36%
{Lua}u{}
36%
{Mag}n{itogorsk}
36%
{Ma}y{mana}
36%
{Nary}n{}
36%
_ongo__
36%
{Petro}z{avodsk}
36%
{Pu}l{ap}
36%
{San Antonio} {de Palé}
36%
{Sān}g{li}
36%
{Santiago de }l{os Caballeros}
36%
{Sava}v{e}
36%
{Sav}é{}
36%
{Sém}b{é}
36%
{So}l{a}
36%
{Sola}p{ur}
36%
{Ta}u{laga}
36%
{To}u{ba}
36%
{Ba}y{an Nur}
35%
{Ca}l{ama}
35%
{Cam}i{ri}
35%
_he________
35%
{Kag}o{shima}
35%
{Kans}k{}
35%
{Len}s{k}
35%
{Les }C{ayes}
35%
{Lu}w{uk}
35%
{Or}d{os}
35%
{Santiago de}l{ Estero}
35%
{Sask}y{lakh}
35%
{Ta}k{simo}
35%
{Ta}l{cahuano}
35%
{Ust-}T{silma}
35%
{Vin}h{}
35%
{Am}r{āvati}
34%
{Ata}k{pamé}
34%
{}B{acolod}
34%
{Bud}t{a}
34%
{Che}r{epovets}
34%
{Chi}f{eng}
34%
{Cr}u{zeiro do Sul}
34%
{Dou}r{ados}
34%
{Gue}r{rero Negro}
34%
{Ja}m{shedpur}
34%
{Jia}y{uguan}
34%
{Ku}y{byshev}
34%
{Kyzyl}o{rda}
34%
{L}l{oydminster}
34%
{My}i{tkyina}
34%
{Nikol}a{yevsk-on-Amur}
34%
{Puerto }C{abezas}
34%
{Sa}k{akah}
34%
{Si}p{ing}
34%
{Ta}b{as}
34%
{Ta}c{na}
34%
{To}r{ghay}
34%
{Us}t{’-Ilimsk}
34%
{Vitória} {da Conquista}
34%
{Y}i{bin}
34%
{Zhe}z{qazghan}
34%
{F}e{rnando de Noronha}
33%
{Ja}c{areacanga}
33%
{J}u{azeiro do Norte}
33%
{Kal}m{unai}
33%
{Ko}h{ Kong}
33%
{Lu}c{aya}
33%
{Sã}o{ Félix do Xingu}
33%
{Sev}e{robaykal’sk}
33%
{Tong}h{ua}
33%
{War}b{urton}
33%
{Wen}s{han}
33%
{Wil}u{na}
33%
{Ze}y{a}
33%
{Z}u{nyi}
33%
{Chi}p{inge}
32%
{Di}r{e Dawa}
32%
{Jin}g{hong}
32%
{Kul}i{a}
32%
{Los}p{alos}
32%
{Mala}n{je}
32%
{N}'{Délé}
32%
{Nov}y{ Urengoy}
32%
{Vil}y{uysk}
32%
_ys-Kam_____
32%
{Da}u{gavpils}
31%
{G}o{iânia}
31%
{São }G{abriel da Cachoeira}
31%
{Te}f{é}
31%
{Te}j{en}
31%
{Zar}z{is}
31%
{Ba}i{cheng}
30%
{Ga}l{aţi}
30%
{Kas}u{ngu}
30%
{Cha}n{digarh}
29%
{E}r{denet}
29%
{Wa}i{nwright}
29%
{Ga}n{ja}
28%
{Kota} {Bharu}
28%
{La}a{youne}
28%
{Ribe}r{alta}
28%
{San }I{gnacio de Velasco}
28%
{So}v{etskaya Gavan’}
28%
{Yi}w{u}
28%
{Z}e{mio}
28%
{Bar}n{aul}
27%
{Fu}y{ang}
27%
{Ka}d{ugli}
27%
{}P{aamiut}
27%
{Que}r{étaro}
27%
{Yu}l{ara}
27%
{Ga}s{hua}
26%
{Ra}j{kot}
26%
{Bare}n{tu}
25%
{C}r{aiova}
25%
{Kar}r{atha}
25%
{Ba}w{ku}
24%
{C}ú{cuta}
24%
{Santa }E{lena de Uairén}
24%
{Bi}t{ola}
23%
{Ya}m{bio}
23%
{Y}u{eyang}
23%
{Yu}n{fu}
23%
{Band}u{ndu}
22%
{Chag}u{anas}
22%
{Da}e{jeon}
22%
{Gwa}n{gju}
22%
{J}o{ão Pessoa}
22%
{Khu}l{na}
22%
{Lor}i{no}
22%
_nírid_
22%
_umar___
22%
{Yan}t{ai}
22%
{Ak}u{reyri}
21%
{Bir}k{irkara}
21%
{Br}y{ansk}
21%
_oya__
21%
{B}u{ala}
20%
{Cho}n{gjin}
20%
{Cu}m{aribo}
20%
{Da}n{dong}
20%
{Er}e{nhot}
20%
{Mac}e{ió}
20%
{Ma}t{adi}
20%
{Nam}i{be}
20%
_ukunt__
20%
{Da}q{ing}
19%
{Gha}n{zi}
19%
{In}g{eniero Juárez}
19%
{Jin}z{hou}
19%
{Li}k{asi}
19%
{O}n{itsha}
19%
{Qa}c{ha’s Nek}
19%
{Sa}t{awal}
19%
{Sat}o{wan}
19%
{Ta}i{chung}
19%
{Wh}y{alla}
19%
_evero____________
18%
{Gorakhpur}
18%
{Go}r{akhpur}
18%
{Gor}o{ntalo}
18%
{Ku}o{pio}
18%
{La}b{asa}
18%
{Lu}o{yang}
18%
{Mata}u{ra}
18%
{Nanch}o{ng}
18%
{Na}s{hik}
18%
{Ri}k{aze}
18%
{R}y{azan’}
18%
{Sem}e{y}
18%
{Sha}r{’ya}
18%
{Si}u{na}
18%
{T}é{bessa}
18%
{V}e{ntspils}
18%
{Was}p{án}
18%
{A}p{atity}
17%
{Ce}e{ldheer}
17%
{Kodi}n{sk}
17%
{La}v{erton}
17%
{Luan}g{ Prabang}
17%
{Lu}e{na}
17%
{Nag}q{u}
17%
{Nan}y{ang}
17%
{O}g{asawara}
17%
{Qi}q{ihar}
17%
{Tah}o{ua}
17%
{Val}m{iera}
17%
{Wa}j{ir}
17%
{Wa}r{angal}
17%
{Ba}r{ahona}
16%
{Be}l{aya Gora}
16%
{Chi}r{edzi}
16%
{De}i{r ez-Zor}
16%
{E}k{imchan}
16%
{El-}G{adarif}
16%
{Hu}g{henden}
16%
{In}í{rida}
16%
{Kn}y{sna}
16%
{La}j{es das Flores}
16%
{L}e{ava}
16%
{Le}t{hem}
16%
{Me}e{katharra}
16%
{Na}c{ala}
16%
{Nak}u{ru}
16%
{Na}m{angan}
16%
{Nya}l{a}
16%
{O}l{enyok}
16%
{Ou}é{sso}
16%
{Ri}z{hao}
16%
{Tai}o{hae}
16%
{Tang}s{han}
16%
{}V{adodara}
16%
{Win}e{jok}
16%
{Am}d{erma}
15%
{Ar}a{caju}
15%
{De}h{ra Dūn}
15%
{E}n{ Nahud}
15%
{Gor}g{ān}
15%
{Go}v{ernador Valadares}
15%
{Gw}e{ru}
15%
{Hua}n{cayo}
15%
{Huán}u{co}
15%
{Ku}u{samo}
15%
{Las}h{io}
15%
{Le}g{aspi}
15%
{Ma}b{aruma}
15%
{Mandal}g{ovi}
15%
{Na}i{faru}
15%
{Nan}d{ed}
15%
{No}y{abrsk}
15%
{N}s{anje}
15%
{Nuku}n{onu}
15%
{O}y{em}
15%
{Pue}r{to Ayacucho}
15%
{Ra}u{rkela}
15%
{R}o{boré}
15%
{Ro}l{im de Moura}
15%
{Ru}m{bek}
15%
{Run}g{ata}
15%
{Te}m{uco}
15%
{T}o{amasina}
15%
{U}n{alakleet}
15%
{Vi}e{dma}
15%
{}X{am Nua}
15%
{Ara}o{uane}
14%
{Da}d{onghai}
14%
{Er}i{gavo}
14%
{Hu}k{untsi}
14%
{Hy}e{san}
14%
{Ita}i{tuba}
14%
{I}z{hevsk}
14%
{Ko}r{hogo}
14%
{Kot}i{do}
14%
{Kot}l{as}
14%
{Kŭl}o{b}
14%
{Lab}u{an Bajo}
14%
{Mak}e{ni}
14%
{Mak}o{kou}
14%
{Mia}n{yang}
14%
{Mos}s{oró}
14%
{Mo}y{ale}
14%
{Mu}z{ayri‘}
14%
{Os}s{ora}
14%
{Pa}k{xan}
14%
{Palan}g{karaya}
14%
{Po}k{hara}
14%
{Qa}r{azhal}
14%
{Se}r{ekunda}
14%
{St}u{ng Treng}
14%
{Sy}l{het}
14%
{Tan}r{ake}
14%
{Ti}n{douf}
14%
{U}j{ae}
14%
{Yi}c{hang}
14%
{Al }G{haydah}
13%
{Bayan}h{ongor}
13%
{Cap}i{tán Pablo Lagerenza}
13%
_eloy______
13%
{Er}r{achidia}
13%
{G}h{adāmis}
13%
{Gu}e{lmim}
13%
{Hu}o{cheng}
13%
{Ka}m{enskoye}
13%
{Ku}t{aisi}
13%
{Lau}t{oka}
13%
{Mo}u{ila}
13%
{Mu}r{ghob}
13%
{N}y{agan}
13%
{Oua}r{gla}
13%
{Pa}r{akou}
13%
{Pho}n{savan}
13%
{Po}i{ndimié}
13%
{Po}l{okwane}
13%
{R}u{kban}
13%
{Santiago de }V{eraguas}
13%
{Si}g{uiri}
13%
{Sit}u{bondo}
13%
{So}k{humi}
13%
{So}n{gea}
13%
{Su}m{bawanga}
13%
{T}y{nda}
13%
{Al}y{angula}
12%
{Be}r{bérati}
12%
{Gua}n{ambi}
12%
{Ha}f{ar Al-Batin}
12%
{Kas}o{ngo Lunda}
12%
{Moy}o{bamba}
12%
{Ny}u{rba}
12%
{Od}i{enné}
12%
{Os}t{rovnoy}
12%
{O}w{ando}
12%
{Pont}e{s e Lacerda}
12%
{Ru}w{ais}
12%
{Tob}o{l’sk}
12%
{Ul}y{anovsk}
12%
{Be}y{neu}
11%
{D}i{apaga}
11%
{Guel}t{a Zemmur}
11%
{Kh}ŭ{jand}
11%
{Kol}p{ashevo}
11%
{Kul}s{ary}
11%
{Ni}k{ol’skoye}
11%
{S}r{ednekolymsk}
11%
{Vi}t{ebsk}
11%
{Xin}y{ang}
11%
{Xiny}u{an}
11%
{Ya}n{cheng}
11%
{Shao}y{ang}
10%
{A}r{ Ruţbah}
9%
{Bandar}b{eyla}
9%
{Banga}s{sou}
9%
{G}b{arnga}
9%
{S}h{akawe}
9%
{Sha}o{guan}
9%
{Shi}y{an}
9%
{T}h{akhèk}
9%
{Tian}s{hui}
9%
{Tr}i{ncomalee}
9%
{K}é{dougou}
8%
{Les}o{sibirsk}
8%
{Po}r{onaysk}
8%
{Rāj}s{hāhi}
8%
{Sh}i{hezi}
8%
{Shi}j{iazhuang}
8%
{Di}b{rugarh}
7%
{I}t{acoatiara}
7%
{Mou}t{samoudou}
7%
{}R{ahim Yar Khan}
7%
{R}i{beirão Preto}
7%
{Tal}d{ykorgan}
7%
{Ari}p{uanã}
6%
{E}d{d}
6%
{Puerto }F{rancisco de Orellana}
6%
{Un}d{urkhaan}
6%
{A}w{jilah}
5%
{Da}l{andzadgad}
5%
{Kr}y{vyi Rih}
5%
{Nas}i{riyah}
5%
{N}c{helenge}
5%
{Tiru}n{elveli}
5%
{T}s{hikapa}
5%
{Z}h{anaozen}
5%
{Ara}g{uaína}
4%
{My}k{olaïv}
4%
{A}j{dabiya}
3%
{E}s{kişehir}
3%
{N}a{berezhnye Chelny}
3%
{Š}i{auliai}
3%
{Vi}j{ayawada}
3%
{As}a{hikawa}
2%
{E}g{ilsstaðir}
2%
{Í}s{afjörður}
2%
{Kh}m{elnytskyi}
2%
{Kur}e{ssaare}
2%
{Na}k{hon Ratchasima}
2%
{No}v{okuznetsk}
2%
{N}z{érékoré}
2%
{Qin}h{uangdao}
2%
{Tir}u{chirappalli}
2%
{Tür}k{menbaşy}
2%
{U}r{ay}
2%
{Vil}l{ahermosa}
2%
{Vil}u{fushi}
2%
{Zhan}g{jiakou}
2%
{Ar}v{ayheer}
1%
{Belo}y{arskiy}
1%
{Ber}i{ngovskiy}
1%
{B}l{agoveshchensk}
1%
{Eg}v{ekinot}
1%
{Lh}o{kseumawe}
1%
{Ni}z{hnevartovsk}
1%
{Or}ū{mīyeh}
1%
{O}z{ernovskiy}
1%
{Si}h{anoukville}
1%
{Ti}d{jikja}
1%
{Tur}u{khansk}
1%
{Ub}o{n Ratchathani}
1%
{Ur}u{guaiana}
1%
{Al }Ḩ{udaydah}
0%
{Bel}e{dweyne}
0%
{It}t{oqqortoormiit}
0%
{Ji}a{gedaqi}
0%
{Ku}r{aymah}
0%
{Les}h{ukonskoye}
0%
{Ma}w{lamyine}
0%
{My}s{-Kamennyy}
0%
{}N{’dalatando}
0%
{N}g{aoundéré}
0%
{No}w{rangapur}
0%
{Oua}h{igouya}
0%
{Severo}-{Yeniseyskiy}
0%
{Sh}u{angyashan}
0%

Score Distribution

Percentile by Number Answered

Percent of People with Each Score

Your Score History

You have not taken this quiz